000 00845nam a2200253 a 4500
001 BRL_1426
005 20190320211210.0
008 140114s1985----enkoab####---#000-0#eng-#
020 _a0951105507
041 _aeng
044 _aenk
050 4 _aF3429.1
_b.W43 1985
245 1 0 _aThe weavers of ancient Peru
_ctext and photography by M.S. Fini, Dip. textiles, B.A. (Hons.) of Tumi, Latin America Crafts.
260 _aLondon
_bTumi
_c1985
300 _a64 p.
_bil. (algunas a color)
_c30 cm.
500 _aAu1676
500 _aAn exhibition of Peruvian textiles at the Commonwealth Institute, London, 5th september to 28th october 1985.
504 _aBibliografía : p. 64
650 1 4 _aTejedores
_zPerú
_926870
650 1 4 _aTejido a mano
_zPerú
_926871
710 2 _aLatin America Crafts
_926872
902 _aGRL
942 _2lcc
_cB
999 _c10236
_d10236